Heat and mass transfer (Record no. 5861)

000 -LEADER
fixed length control field 00529nam a2200205 4500
001 - CONTROL NUMBER
control field 5861
003 - CONTROL NUMBER IDENTIFIER
control field BD-DhUET
008 - FIXED-LENGTH DATA ELEMENTS--GENERAL INFORMATION
fixed length control field 700409m19679999is a b 000 0 eng
040 ## - CATALOGING SOURCE
Original cataloging agency DLC
Transcribing agency DLC
Modifying agency BD-DhUET
082 00 - DEWEY DECIMAL CLASSIFICATION NUMBER
Classification number 621.011
Item number ECK/1959
100 ## - MAIN ENTRY--PERSONAL NAME
Personal name Eckert, R. R. G.
245 00 - TITLE STATEMENT
Title Heat and mass transfer
250 ## - EDITION STATEMENT
Edition statement 2nd ed.
260 ## - PUBLICATION, DISTRIBUTION, ETC. (IMPRINT)
Place of publication, distribution, etc. New York
Name of publisher, distributor, etc. McGraw-Hill
Date of publication, distribution, etc. 1959
300 ## - PHYSICAL DESCRIPTION
Extent xiv, 530p.
490 1# - SERIES STATEMENT
Series statement McGraw-Hill series in mechanical engineering
650 #0 - SUBJECT ADDED ENTRY--TOPICAL TERM
Topical term or geographic name as entry element Heat-Transmission
700 ## - ADDED ENTRY--PERSONAL NAME
Personal name Drake, Robert M.
942 ## - ADDED ENTRY ELEMENTS (KOHA)
Koha item type General Book
Holdings
Koha date last borrowed Location (home branch) Lost status Koha full call number Koha item type Source of classification or shelving scheme Koha date last seen Copy number Koha issues (times borrowed) Piece designation (barcode) Not for loan Date acquired Shelving location Damaged status Sublocation or collection (holding branch) Price effective from Koha normalized classification for sorting Withdrawn status
 Central Library, BUET 621.011/ECK/1959General Book 2014-11-29  36668 2014-11-29Circulation section Central Library, BUET2014-11-29621_011000000000000_ECK_1959 
 Central Library, BUET 621.011/ECK/1959General Book 2014-12-032 14884 2014-12-03Circulation section Central Library, BUET2014-12-03621_000000000000000_011ECK1959 
 Central Library, BUET 621.011/ECK/1959General Book 2015-04-123 11302 2015-04-12Circulation section Central Library, BUET2015-04-12621_011000000000000_ECK_1959 
 Central Library, BUET 621.011/ECK/1959General Book 2015-04-124 31276 2015-04-12Circulation section Central Library, BUET2015-04-12621_011000000000000_ECK_1959 
 Central Library, BUET 621.011/ECK/1959General Book 2015-04-125 31274 2015-04-12Circulation section Central Library, BUET2015-04-12621_011000000000000_ECK_1959 
 Central Library, BUET 621.011/ECK/1959General Book 2015-04-126 31271 2015-04-12Circulation section Central Library, BUET2015-04-12621_011000000000000_ECK_1959 
 Central Library, BUET 621.011/ECK/1959General Book 2015-04-127 31272 2015-04-12Circulation section Central Library, BUET2015-04-12621_011000000000000_ECK_1959 
2020-03-02Central Library, BUET 621.011/ECK/1959General Book 2021-11-288131277 2015-04-13Circulation section Central Library, BUET2015-04-13621_011000000000000_ECK_1959 
 Central Library, BUET 621.011/ECK/1959General Book 2015-04-139 11301 2015-04-13Circulation section Central Library, BUET2015-04-13621_011000000000000_ECK_1959 
 Central Library, BUET 621.011/ECK/1959General Book 2015-04-1310 11303 2015-04-13Circulation section Central Library, BUET2015-04-13621_011000000000000_ECK_1959 
 Central Library, BUET 621.011/ECK/1959General Book 2015-04-1311 24625 2015-04-13Circulation section Central Library, BUET2015-04-13621_011000000000000_ECK_1959 
 Central Library, BUET 621.011/ECK/1959General Book 2015-04-1312 7652 2015-04-13Circulation section Central Library, BUET2015-04-13621_011000000000000_ECK_1959 
 Central Library, BUET 621.011/ECK/1959General Book 2015-04-1313 24320 2015-04-13Circulation section Central Library, BUET2015-04-13621_011000000000000_ECK_1959 
 Central Library, BUET 621.011/ECK/1959General Book 2015-04-1314 24976 2015-04-13Circulation section Central Library, BUET2015-04-13621_011000000000000_ECK_1959 
 Central Library, BUET 621.011/ECK/1959General Book 2015-04-1315 31275 2015-04-13Circulation section Central Library, BUET2015-04-13621_011000000000000_ECK_1959 
 Central Library, BUET 621.011/ECK/1959General Book 2015-06-1616 7655 2015-06-16Reading section Central Library, BUET2015-06-16621_011000000000000_ECK_1959